Mighty Morphin' Power Rangers Trivia! - Statistics

General Stats
  • This quiz has been taken 1,156 times
  • The average score is 13 of 19
Answer Stats
Hint Answer % Correct
The original Red Ranger Jason
98%
The original Blue Ranger Billy
96%
The original Pink Ranger Kimberly
95%
The original Yellow Ranger Trini
94%
The original Black Ranger Zack
94%
Evil Green Ranger created by Rita Repulsa Tommy
85%
Color he would later assumer as the new leader of the Power Team... White
81%
Great Queen of Evil Rita Repulsa
79%
Her husband... Lord Zedd
73%
Semi-automated assistant at the Command Center Alpha-5
69%
Green Ranger's Zord DragonZord
66%
White Ranger's Zord TigerZord
58%
Crystal That Would Give The Rangers New Powers Zeo Crystal
57%
White Ranger's Weapon of Choice Saba
51%
Green Ranger's Morpher Color Gold
48%
Green Ranger's Weapon of Choice Dragon Dagger
44%
Her brother... Rito Revolto
39%
Her father... Master Vile
34%
Morphological Being who mentors the Power Team Zordon of Eltar
24%
No matching quizzes found
Score Distribution
Percent of People with Each Score
Percentile by Number Answered
Your Score History
You have not taken this quiz